| 000 | 00645nam a2200229 u 4500 | ||
|---|---|---|---|
| 005 | 20260331064136.0 | ||
| 008 | 120817s1999 cl r 000 0 spa d | ||
| 020 | _a9583005673 | ||
| 035 | _aUPN01000186262 | ||
| 049 | _aI | ||
| 050 | 4 |
_aPZ74.3 _bA4.2 |
|
| 100 | 1 |
_aAlekos, _d1953- _933565 |
|
| 245 | 1 | 0 |
_aAroma de níspero : _by otros versos de papel / _cAlekos. |
| 260 |
_aBogotá : _bPanamericana, _c1999. |
||
| 300 |
_a46 p. : _bprincipalmente il. col. |
||
| 440 | 0 | _aQue pase el tren | |
| 650 | 4 |
_aRimas infantiles _910247 |
|
| 650 | 4 |
_aPoesía colombiana _91223 |
|
| 650 | 4 |
_aFrutas _99525 |
|
| 905 | _aInfantil | ||
| 999 |
_c158365 _d158365 |
||